000 00329nam a22001217a 4500
008 160505b xxu||||| |||| 00| 0 eng d
020 _a9780073525266
020 _a9780073525266
041 _aeng
080 _a61
245 _aGenetics from genes to genomes:
_cLeland H.Hartwell; Leroy Hood; Michael L.Goldberg;
942 _2udc
_cBK
999 _c1835
_d1835